| 000 | 013170000a22002410004500 | ||
|---|---|---|---|
| 020 | _a978-0-8297-5368-4 | ||
| 041 | 0 | _aSPA | |
| 082 | 0 | 4 | _aG 232.908 S919c |
| 100 | 1 | _aStrobel, Lee (1952-) | |
| 245 | 1 | 0 | _aEl Caso del Jesús Verdadero : un periodista investiga los ataques recientes contra la identidad de Cristo / Lee Strobel ; traducción por Pedro L. Gómez Flores |
| 260 | _aMiami, Florida : Vida | ||
| 300 | _a306 p. | ||
| 440 | 0 | _aCol. Biblioteca Teológica Vida | |
| 500 | _aTítulo original en inglés: The case for the real Jesus | ||
| 501 | _arústico | ||
| 505 | 0 | 0 | _a"Los eruditos están descubriendo un Jesús radicalmente distinto..." -- "El retrato bíblico de Jesús no es digno de confianza, puesto que la iglesia alteró el texto" -- La resurrección de Jesús ha sido refutada por nuevas explicaciones" -- "El cristianismo adoptó sus creencias acerca de Jesús de las religiones paganas" -- "Jesús fue un impostor que no cumplió las profecías mesiánicas" -- "Las personas deberían ser libres para decidir lo que quieren creer acerca de Jesús" |
| 650 | 1 | 4 | _aJESUCRISTO - INTERPRETACIONES RACIONALISTAS \ JESUCRISTO - HISTORICIDAD |
| 001 | 18256 | ||
| 942 | _cBK | ||
| 999 |
_c44716 _d44716 |
||
| 336 |
_atexto _btxt _2rdacontent |
||
| 337 |
_2rdamedia _asin mediación _bn |
||
| 338 |
_2rdacarrier _avolumen _bnc |
||